000
00325nam a22001217a 4500
999
_c
8476
_d
8476
008
200219b ||||| |||| 00| 0 eng d
020
_a
9788126516582
082
_a
005.133 SHO
100
_a
SHUKLA, Rajesh K
245
_a
Object Oriented Programming in C ++
_h
Enlgish
250
_a
Reprint 2016
260
_a
New Delhi
_b
JOHN WILEY